00325nam a2200109Ia 4500008004100000082000800041100002700049245002300076942000600099952009500105999001500200240331s9999 xx 000 0 und d bVEN aVenkatachalapathy, A.R 0aMuchandi ilakkiyam cL 001040708LaWERCLbWERCLcSSCd2024-03-31l0o 809 VENp6635r2024-03-31w2024-03-31yL c5655d5655